Understanding international finance

Bibliographic Details
Main Author: Fauzias Mat Nor (Author)
Format: Book
Language:English
Published: Petaling Jaya : Prentice Hall 2002
Edition:Second edition
Subjects:

MARC

LEADER 00000cam a2200000 7i4500
001 0000011299
005 20241010.0
008 220225 my a eng
020 |a 9839236806 
040 |a INS   |b eng   |e rda 
090 0 0 |a HG3881.   |b F276 2002 
100 0 |a Fauzias Mat Nor ,   |e author 
245 1 0 |a Understanding international finance   |c Fauzias Mat Nor 
250 |a Second edition 
264 1 |a Petaling Jaya :   |b Prentice Hall   |c 2002 
300 |a 204 pages :   |b illustrations ;   |c 24 cm. 
336 |a text  |2 rdacontent 
337 |a unmediated  |2 rdamedia 
338 |a volume  |2 rdacarrier 
504 |a Includes bibliographical references and index 
650 0 |a International finance 
999 |a 0000010161   |b BOOK   |c Open Shelf   |e Default branch 
999 |a 0000010812   |b BOOK   |c Open Shelf   |e Default branch 
999 |a 0000014690   |b BOOK   |c Open Shelf   |e Default branch